| 000 | 00920ncm a2200265 a 4500 | ||
|---|---|---|---|
| 999 |
_c352144 _d352144 |
||
| 003 | BLK | ||
| 005 | 20250127155503.0 | ||
| 008 | 200407b bu ||||| |||| 00| 0 bu d | ||
| 040 | _aBLK | ||
| 041 |
_aDEU _cDEU |
||
| 080 |
_aМузика за духови инструменти _b788 _z788 |
||
| 100 |
_aWeber, Karl Maria von _eпърви автор _91299 |
||
| 139 |
_aWeber, Karl Maria von _bВ 34 |
||
| 245 |
_aGrand duo concertant fur klavier und klarinette, Op. 48 _cCarl Maria von Weber ; aisg. Richard Hofmann |
||
| 260 |
_9211254 _aLeipzig _bPeters 3317 _c1982 |
||
| 300 |
_a27 с. _c28 см _eщим 8, 8 с. |
||
| 380 | _a7 | ||
| 650 | 0 |
_aДуо - кларинет и пиано _9353801 |
|
| 653 | 7 |
_9189131 _aконцертанте |
|
| 700 |
_91311 _aHofmann, Richard _eред. |
||
| 852 |
_aЦб М ІІ 1358 _bЦб |
||
| 942 |
_2udc _cNOT _n0 _s1 |
||
| 944 |
_aCR _c2020-04-07 _k30560 _lГеновева Генчева |
||
| 999 | _d352144 | ||